LEADER 01803nam0-2200505-i-450- 001 990009506720403321 005 20120103115730.0 010 $a978-0-8218-5196-8 010 $a978-0-8218-5197-5 035 $a000950672 035 $aFED01000950672 035 $a(Aleph)000950672FED01 035 $a000950672 100 $a20120103d2011----km-y0itay50------ba 101 0 $aeng 102 $aUS 105 $aa---a---101yy 200 1 $aComplex analysis and dynamical systems IV$efourth international conference on complex analysis and dynamical systems, May 18-22, 2009, Nahariya, Israel$fMark Agranovsky ... [et al.], editors 210 $aProvidence, R.I.$cAmerican Mathematical Society$aRamat-Gan, Israel$cBar-Ilan University$d2011 215 $a2 v.$cill.$d26 cm 225 1 $aContemporary mathematics$v553$v554 300 $aSul frontespizio, in testa al titolo: Israel mathematical conference proceedings 327 1 $a1.: Function theory and optimization$a2.: General relativity, geometry and PDE 610 0 $aFunzioni di una variabile complessa 610 0 $aPiù variabili complesse e spazi analitici 610 0 $aCalcolo delle variazioni e controllo ottimale$aOttimizzazione 610 0 $aEquazioni differenziali alle derivate parziali 610 0 $aGeometria differenziale 610 0 $aRelatività e teoria gravitazionale 676 $a515'.9 702 1$aAgranovsky,$bMark 801 0$aIT$bUNINA$gREICAT$2UNIMARC 901 $aBK 912 $a990009506720403321 952 $aC-1-(553$b24984$fMA1 952 $aC-1-(554$b24983$fMA1 959 $aMA1 962 $a30-XX 962 $a32-XX 962 $a49-XX 962 $a35-XX 962 $a53-XX 962 $a83-XX 996 $aComplex analysis and dynamical systems IV$9850934 997 $aUNINA LEADER 01392nam a2200361 i 4500 001 991000782029707536 005 20020507173524.0 008 940711s1984 us ||| | eng 020 $a0817631887 035 $ab10756565-39ule_inst 035 $aLE01302246$9ExL 040 $aDip.to Matematica$beng 082 0 $a512.73 084 $aAMS 11-02 084 $aAMS 11M 084 $aLC QA246.T28 100 1 $aTate, John Torrence$0349248 245 14$aLes conjectures de Stark sur les fonctions L d'Artin en s=O :$bnotes d'un cours a Orsay [de] John Tate /$crédigées par Dominique Bernardi et Norbert Schappacher 260 $aBoston :$bBirkhauser,$c1984 300 $a143 p. ;$c24 cm 490 0 $aProgress in mathematics [Birkhauser],$xISSN 0743-1643;$v47 500 $aBibliography: p. 139-143 650 4$aL-functions 650 4$aStark's conjectures 650 4$aTaylor's series 700 1 $aBernardi, Dominique$eauthor$4http://id.loc.gov/vocabulary/relators/aut$0736375 700 1 $aSchappacher, Norbert 907 $a.b10756565$b23-02-17$c28-06-02 912 $a991000782029707536 945 $aLE013 11-XX TAT11 (1984)$g1$i2013000000480$lle013$o-$pE0.00$q-$rl$s- $t0$u0$v0$w0$x0$y.i10850934$z28-06-02 996 $aConjectures de Stark sur les fonctions L d'Artin en s=O$91455465 997 $aUNISALENTO 998 $ale013$b01-01-94$cm$da $e-$feng$gus $h4$i1